000 01281cam a2200361 a 4500
999 _c11180
_d11180
001 3542906
003 GZU
005 20240402123100.0
008 970416s1998 mdua bf 001 0 eng c
010 _a 97019246
020 _a0683402064
022 _aNo number
040 _aDNLM/DLC
_cDLC
_dDLC
_dWaU
050 0 0 _aR119
_bAME 1998
060 1 0 _aWZ 345 A511 1997
082 0 0 _a808/.06661
_221
245 0 0 _aAmerican Medical Association manual of style:
_ba guide for authors and editors.
246 3 3 _aGuide for authors and editors
250 _aNineth edition
_bCheryl Iverson (chair) ... [et al.].
260 _aBaltimore:
_bWilliams & Wilkins,
_cc1998.
300 _axi, 660pages:
_billustrations;
_c26cm.
504 _aIncludes bibliographical references and index.
505 _rNo statement of responsibility
520 _aManual of style
650 0 _aMedical writing
_vHandbooks, manuals, etc.
650 0 _aAuthorship
_vStyle manuals.
650 1 2 _aWriting.
700 1 _aIverson, Cheryl.
710 2 _aAmerican Medical Association.
906 _a7
_bcbc
_corignew
_d1
_eocip
_f19
_gy-gencatlg
942 _2lcc
_cBK
_eNineth edition
_h119
_iAME
_kR